| 000 | nam a22 a 4500 | ||
|---|---|---|---|
| 999 |
_c907 _d907 |
||
| 003 | AKMAL | ||
| 005 | 20170505164745.0 | ||
| 008 | 170505s1994 my 00 may d | ||
| 020 |
_a9839103059 (jil. 1): _cRM 10.00 |
||
| 020 |
_a9839103067 (jil. 2): _cRM 10.00 |
||
| 020 |
_a9839103075 (jil. 3): _cRM 10.00 |
||
| 020 |
_a9839103105 (jil. 4): _cRM 10.00 |
||
| 020 |
_a9839103113 (jil. 5): _cRM 10.00 |
||
| 020 |
_a9839103121 (jil. 6): _cRM 10.00 |
||
| 020 |
_a(jil. 7): _cRM 10.00 |
||
| 040 |
_aAKMAL _cAKMAL |
||
| 049 | _aklpmal | ||
| 082 | 0 | 4 | _a297.19 ABD |
| 090 |
_a297.19 _bABD |
||
| 090 | 2 | 0 |
_a297.19 _bABD |
| 100 |
_aNik Abdul Aziz Nik Mat, _cDato', _d1931-2015 _91805 |
||
| 245 | 1 | 0 |
_aPersiapan menghadapi maut / _ctazkirah Tuan Guru Nik Abdul Aziz Nik Mat |
| 260 |
_aPulau Pinang : _bDewan Muslimat, _c1994 |
||
| 300 |
_a7 jil. ; _c21cm |
||
| 500 | _aMengandungi ayat-ayat dari al-Quran | ||
| 500 | _aKandungan: Jil. 1. Mati suatu peringatan.- Jil. 2. Roh yang bersedih.- Jil. 3. Rintihan penghuni barzakh.- Jil. 4. Melihat qiamat dari jendela al-Quran.- Jil. 5. Hari penyesalan.- Jil. 6. Janji-janji Allah.- Jil. 7. Azab dan nikmat akhirat | ||
| 500 | _aJudul kulit depan | ||
| 650 |
_aIslam _xDoctrines _9894 |
||
| 650 |
_aIslamic eschatology _91940 |
||
| 650 |
_aJudgment Day (Islam) _91941 |
||
| 650 |
_aDeath _xReligious aspects _xIslam _91942 |
||
| 650 |
_aResurrection (Islam) _91943 |
||
| 942 |
_2ddc _cBOOK |
||